[Event "BCF-chT4 0506 (4NCL)"]
[Site "West Bromwich"]
[Date "2005.12.03"]
[Round "3.1"]
[White "Kamara, Khalid"]
[Black "Pugh, Derek"]
[Result "0-1"]
[WhiteElo "1780"]
[BlackElo "2185"]
[PlyCount "58"]
[EventDate "2005.11.05"]
[EventType "team-tourn"]
[EventRounds "11"]
[EventCountry "ENG"]
[SourceTitle "CBM 109 Extra"]
[Source "ChessBase"]
[SourceDate "2006.01.03"]
[SourceVersion "2"]
[SourceVersionDate "2006.01.03"]
[SourceQuality "1"]
[WhiteTeam "Richmond II"]
[BlackTeam "Grendel's Mother"]
[WhiteTeamCountry "ENG"]
[BlackTeamCountry "ENG"]

1. e4 Nc6 2. Nf3 e5 3. Bb5 Nd4 4. Nxd4 exd4 5. Bc4 Nf6 6. e5 d5 7. Bb5+ Nd7 8. Ba4 Bc5 9. 0-0 0-0 10. Bxd7 Bxd7 11. d3 f6 12. Bf4 c6 13. Re1 fxe5 14. Bxe5 Qg5 15. Qd2 Qg6 16. h4 Rae8 17. Na3 Be7 18. Bg3 Rf5 19. Re2 Bd6 20. Bxd6 Qxd6 21. Rae1 Ref8 22. Nb1 R5f6 23. Qg5 h6 24. Qd2 Rg6 25. Re5 Qf6 26. h5 Rg4 27. Re7 Qf3 28. g3 Rh4 29. Rxg7+ Kxg7 0-1

[Event "BCF-chT4a 0405 (4NCL)"]
[Site "Telford"]
[Date "2005.01.15"]
[Round "3.5"]
[White "Whelan, Liam"]
[Black "Kamara, Khalid"]
[Result "0-1"]
[WhiteElo "1990"]
[BlackElo "1685"]
[PlyCount "79"]
[EventDate "2004.11.06"]
[EventType "team-tourn"]
[EventRounds "11"]
[EventCountry "ENG"]
[SourceTitle "EXT 2006"]
[Source "ChessBase"]
[SourceDate "2005.11.24"]
[SourceVersion "1"]
[SourceVersionDate "2005.11.24"]
[SourceQuality "1"]
[WhiteTeam "Hilsmark Kingfisher"]
[BlackTeam "Richmond II"]
[WhiteTeamCountry "ENG"]
[BlackTeamCountry "ENG"]

1. d4 Nf6 2. c4 g6 3. Nc3 Bg7 4. e4 d6 5. Be2 0-0 6. Nf3 e5 7. d5 Na6 8. 0-0 Nc5 9. Nd2 a5 10. b3 c6 11. Bb2 Ne8 12. a3 f5 13. f3 Qb6 14. Kh1 f4 15. Qc2 g5 16. g4 fxg3 17. hxg3 Bh3 18. Rg1 Rf6 19. Bf1 Bd7 20. g4 Ne6 21. Bh3 Nf4 22. Na4 Qf2 23. Raf1 Qh4 24. Rg2 Nxh3 25. Rh2 Rh6 26. Nb1 Nf6 27. Bc3 Bxg4 28. Qg2 Bd7 29. Nb6 Rf8 30. Nxd7 Nxd7 31. Bd2 g4 32. Bxh6 Bxh6 33. Rg1 Kh8 34. fxg4 Nf2+ 35. Qxf2 Qxf2 36. Rxf2 Rxf2 37. dxc6 bxc6 38. c5 Nxc5 39. b4 axb4 40. axb4 0-1

[Event "BCF-chT4a 0405 (4NCL)"]
[Site "Telford"]
[Date "2004.11.06"]
[Round "1.4"]
[White "Kamara, Khalid"]
[Black "Khandelwal, Ankush"]
[Result "0-1"]
[WhiteElo "1685"]
[BlackElo "1964"]
[PlyCount "60"]
[EventDate "2004.11.06"]
[EventType "team-tourn"]
[EventRounds "11"]
[EventCountry "ENG"]
[SourceTitle "EXT 2006"]
[Source "ChessBase"]
[SourceDate "2005.11.24"]
[SourceVersion "1"]
[SourceVersionDate "2005.11.24"]
[SourceQuality "1"]
[WhiteTeam "Richmond II"]
[BlackTeam "Nottinghamshire"]
[WhiteTeamCountry "ENG"]
[BlackTeamCountry "ENG"]

1. e4 e5 2. Nf3 Nc6 3. Bb5 Bc5 4. 0-0 Nf6 5. d3 d6 6. h3 Bd7 7. c3 Qe7 8. Re1 h6 9. Re2 g5 10. d4 Bb6 11. Re1 g4 12. hxg4 Nxg4 13. Be3 Rg8 14. d5 Nxe3 15. fxe3 Nd8 16. Bxd7+ Qxd7 17. Qc2 Qh3 18. Qf2 h5 19. Nbd2 a6 20. Nc4 Ba7 21. a4 b5 22. axb5 axb5 23. Na3 Qg4 24. Nd2 h4 25. Qf3 h3 26. Qxg4 Rxg4 27. Kh1 hxg2+ 28. Kh2 Kd7 29. Nxb5 Nb7 30. Nc4 g1Q+ 0-1